000 00860nas a2200229 a 4500
999 _c20170
_d20170
005 20180424070429.0
008 180424s2015 ko uu|m|r|||| 00| 0 eng d
040 _aCO-BoIAVH
_cCO-BoIAVH
041 0 _aeng
044 _ako
245 0 0 _aInvertebrate fauna of Korea
260 _aIncheon (Corea del Sur) :
_bNational Institute of Biological Resources,
_c2015.
300 _bilustraciones (algunas a color) ;
_c28 cm.
310 _au
321 _au
500 _aSerie: Fauna and flora of Korea.
504 _aIncluye referencias bibliográficas.
650 2 6 _aInvertebrados
_zCorea del Sur
_vPublicaciones periódicas
650 2 6 _aInvertebrados
_xTaxonomía
_zCorea del Sur
_vPublicaciones periódicas
710 2 _aRepública de Corea
_bMinistry of Environment
_bNational Institute of Biological Resources
942 _2z
_cREVISTA